| 000 | 01872nam0a22002771 4500 | ||
|---|---|---|---|
| 001 | rc\2997686 | ||
| 005 | 20250806200536.0 | ||
| 035 | _a(NLR Aleph) 007141292 | ||
| 090 |
_a70125 _c70125 |
||
| 100 | _a20110918d1944 u y0rusy50 ca | ||
| 101 | 0 | _arus | |
| 102 | _aRU | ||
| 105 | _ay z ||||| | ||
| 200 | 1 |
_aКруг навыков и знаний обязательный для киномехаников звуковой стационарной и передвижной киноустановок и немой кинопередвижки _aII. Положение о государственных квалификационных комиссиях по установлению квалификации киномехаников _aIII. Положение о звании шефа-киномеханика для заслуженных киномехаников государственной, ведомственной и профсоюзной киносети _fКом. по делам кинематографии при СНК СССР. Отд. кадров |
|
| 210 |
_aМосква _cГоскиноиздат _d1944 |
||
| 215 |
_a58, [6] с. _d11 см |
||
| 300 | _aПеред загл.: I | ||
| 517 | 0 | 0 | _aПоложение о государственных квалификационных комиссиях по установлению квалификации киномехаников |
| 517 | 0 | 0 | _aПоложение о звании шефа-киномеханика для заслуженных киномехаников государственной, ведомственной и профсоюзной киносети |
| 801 | 0 |
_aRU _bNLR _gpsbo |
|
| 801 | 1 |
_aRU _bELAR _2rusmarc |
|
| 852 |
_aNLR _jТ76 Г-0/4 |
||
| 942 | _cBOOK | ||
| 945 | _aРоссийская национальная библиотека | ||
| 980 | _aNB | ||
| 980 | _aBV | ||